LEADER 01013nam a2200241 u 4500 001 000000088684 003 CaOOAMICUS 005 20070226124535.0 008 051104s1955 fr u000 u fre u 035 $a11066847 040 $aPUL(R)$bita 100 1 $aLevard, George,$d1912-$0(OLS)http://pul/name/57627 245 10$aChances et périls du syndicalisme chrétien /$cGeorges Levard. 260 $aParis :$bA. Fayard,$cc1955. 300 $a223 p. ;$c20 cm 490 1 $aBibliothèque ecclesia ;$v6 610 24$aConfédération française des travailleurs chrétiens.$0(OLS)http://pul/subject/29213 830 0$aBibliothèque ecclesia ;$v6.$0(OLS)http://pul/title/53894 850 $aPUL 852 $aPUL$W1$xDP1 Fondo Pastorale$y55$mP6 A 48$j112274$nBK-PRI$b $qFondi$B112274$CPULBib$Z2$F112274 $HPUL597 $81 941 1 $a1 996 $6245$aChances et périls du syndicalisme chrétien$9(OLS)http://pul/title/114601 996 $6260$aParis :$bA. Fayard$9(OLS)http://pul/publisher/49957 LEADER 01494nam a2200337 a 4500 001 000000136399 003 CaOOAMICUS 005 20131127100715.0 008 131127s2013 it u000 u ita r 020 $a978-88-343-2644-2 040 $aPUL$bita 100 1 $aDe Luca, Marianna.$0(OLS)http://pul/name/87841 245 10$aNel rispetto dei reciproci ruoli :$blineamenti di storia della contrattazione collettiva in Italia /$cMarianna De Luca. 260 $aMilano :$bV&P,$c©2013. 300 $aXVIII, 620 p. ;$c22 cm 490 1 $aStoria. Ricerche 490 1 $aVita e pensiero. Università 650 4$aLavoro e sindacati$zItalia$ySec. XX.$0(OLS)http://pul/subject/39916 830 0$aUniversità (Vita e Pensiero).$0(OLS)http://pul/title/154439 830 0$aRicerche (Vita e Pensiero).$pStoria.$0(OLS)http://pul/title/174438 850 $aPUL 852 $aPUL$W1$xDP1 Cons. Gen., Altre Classi 1$y22$m389 C 58$j157103$qStampati$B156592$CPULBib$Z2$F156592 $H123232 $82 941 1 $a8 983 0$aVita e pensiero.$pUniversità. 983 0$aV & P. Università. 983 0$aStoria.$pRicerche (Vita e pensiero) 983 0$aV & P. Storia. Ricerche. 996 $6020$a978-88-343-2644-2$9(OLS)http://pul/number/154006 996 $6245$aNel rispetto dei reciproci ruoli :$blineamenti di storia della contrattazione collettiva in Italia$9(OLS)http://pul/title/172558 996 $6260$aMilano :$bV&P$9(OLS)http://pul/publisher/78336